Największe miasta we Francji – Skrajny - Statystyki

Ogólne statystyki
  • Ten quiz został rozwiązany 204 razy
  • Średni wynik to 23 z 100
Odpowiedzi na mapie
Odpowiedzi zakodowano w zielono-czerwonej skali na mapie do tego quizu, zgodnie z poniższymi procentami.
 
Statystyki odpowiedzi
Pop Ville % Poprawnych
2.175 k Paryz
98%
868 k Marsylia
85%
518 k Lyon
84%
341 k Nicea
80%
233 k Lille
79%
257 k Bordeaux
78%
284 k Strasburg
72%
314 k Nantes
64%
290 k Montpellier
58%
217 k Rennes
54%
139 k Brest
52%
156 k Dijon
49%
70,8 k Ajaccio
48%
182 k Reims
47%
149 k Nîmes
45%
157 k Grenoble
44%
116 k Metz
44%
486 k Toulouse
42%
169 k Hawr
39%
104 k Nancy
39%
173 k Saint-Étienne
39%
73,9 k Cannes
38%
154 k Angers
35%
86,8 k Dunkierka
35%
133 k Amiens
34%
105 k Caen
33%
72,9 k Calais
33%
112 k | 150 k Saint-Denis
33%
85,2 k Wersal
33%
143 k Le Mans
31%
116 k Orlean
31%
111 k Rouen
27%
76,2 k Pau
26%
136 k Tours
26%
143 k Aix-en-Provence
25%
176 k Toulon
25%
146 k Clermont-Ferrand
24%
63,6 k Cayenne
22%
61,9 k Troyes
22%
119 k Perpignan
21%
91,7 k Avignon
18%
128 k Annecy
16%
131 k Limoges
16%
150 k Villeurbanne
16%
116 k Besançon
15%
108 k Miluza
15%
78,1 k Fort-de-France
14%
88,6 k Poitiers
13%
110 k Argenteuil
12%
121 k Boulogne-Billancourt
12%
76,1 k La Rochelle
12%
59,0 k Niort
12%
94,2 k Numea
12%
84,9 k Saint-Pierre
12%
103 k Saint-Paul
11%
67,1 k Évry-Courcouronnes
9%
63,3 k Ivry-sur-Seine
9%
96,8 k Nanterre
9%
63,1 k Quimper
9%
98,0 k Roubaix
9%
72,9 k Antibes
8%
87,5 k Aubervilliers
8%
62,4 k Clichy
8%
86,0 k Colombes
8%
92,2 k Créteil
8%
72,1 k Drancy
8%
68,2 k Issy-les-Moulineaux
8%
109 k Montreuil
8%
59,9 k Neuilly-sur-Seine
8%
68,1 k Noisy-le-Grand
8%
59,0 k Pantin
8%
64,3 k Pessac
8%
77,9 k Rueil-Malmaison
8%
75,2 k Saint-Maur-des-Fossés
8%
62,7 k Villeneuve-d'Ascq
8%
62,8 k Antony
7%
64,6 k Bourges
7%
77,0 k Champigny-sur-Marne
7%
71,4 k Mamoudzou
7%
60,9 k Montauban
7%
77,5 k Béziers
6%
66,3 k Cergy
6%
79,1 k Cherbourg-en-Cotentin
6%
79,3 k Le Tampon
6%
70,6 k Saint-Nazaire
6%
67,1 k Vénissieux
6%
94,6 k Vitry-sur-Seine
6%
86,2 k Aulnay-sous-Bois
5%
58,8 k Chambéry
5%
68,7 k Colmar
5%
62,8 k La Seyne-sur-Mer
5%
85,9 k Asnières-sur-Seine
4%
58,8 k Sarcelles
4%
64,7 k Valence
4%
70,8 k Mérignac
2%
97,4 k Tourcoing
2%
65,8 k Levallois-Perret
1%
82,1 k Courbevoie
0%
57,1 k Le Blanc-Mesnil
0%
Nie znaleziono quizów pasujących do podanych kryteriów
Rozkład punktacji
Procent ludzi z każdym wynikiem
Percentyl według liczby udzielonych odpowiedzi
Twoja historia wyników
Nie rozwiązałeś tego quizu